Databanka 81 [sborník přednášek] : říjen 1981

Bibliographic Details
Format: Book
Language:Czech
Slovak
PhysicalDescription:168 s. 4°
Published: Ústí nad Labem Dům techniky ČSVTS 1981
Subjects:

MARC

LEADER 00000cam a2200000 a 4500
001 vtls010639521
003 SK-MaSNL
005 20260301035128.0
008 250313s1981 xr e 100 0 cze
015 |a SNBA1981 
035 |a 3FD8BB92-1D6E-4292-9C0B-40951CB01041 
035 |a urn:nbn:sk:snk-amlb4u 
035 |a urn:nbn:sk:snk-am00933f 
040 |a SNK  |b slo  |c SNK  |e AACR2 
041 0 |a cze  |a slo 
044 |a xr  |c CZ 
080 |a 061.68(082)  |2 1981 
245 0 0 |a Databanka 81  |b [sborník přednášek] : říjen 1981  |c autor: kol. 
260 |a Ústí nad Labem  |b Dům techniky ČSVTS  |c 1981 
300 |a 168 s.  |c 4° 
546 |a Časť textu slov. 
650 0 7 |a banky  |2 SNKPH  |9 2103 
650 0 7 |a dáta  |2 SNKPH  |9 4215 
655 7 |a zborníky  |2 SNKPH  |9 70165 
852 |a Slovenská národná knižnica 
958 |a OND 
999 |c 583317  |d 585247 
952 |a SNK  |b SNK  |y PREZ  |7 0  |p 17A0992508  |o snkSB 33021  |i snkKIP 713/82  |0 0  |1 0  |4 0  |d 2014-11-28  |f 1  |l 0  |r 2025-04-07 00:00:00  |w 2026-02-23 
952 |a SNK  |b SNK  |y VYP  |7 0  |o snkSB 33021 D1  |i snkKIP 714/82  |0 0  |1 0  |4 0  |d 2014-11-28  |l 0  |r 2026-02-23 14:59:05  |w 2026-02-23